<?xml version="1.0" encoding="UTF-8"?>
<record
    xmlns:xsi="http://www.w3.org/2001/XMLSchema-instance"
    xsi:schemaLocation="http://www.loc.gov/MARC21/slim http://www.loc.gov/standards/marcxml/schema/MARC21slim.xsd"
    xmlns="http://www.loc.gov/MARC21/slim">

  <leader>01531nam  22002533  4500</leader>
  <controlfield tag="001">202336</controlfield>
  <datafield tag="010" ind1=" " ind2=" ">
    <subfield code="a">978-989-581-244-8</subfield>
  </datafield>
  <datafield tag="021" ind1=" " ind2=" ">
    <subfield code="a">PT</subfield>
    <subfield code="b">535 208/24</subfield>
  </datafield>
  <datafield tag="090" ind1=" " ind2=" ">
    <subfield code="a">202336</subfield>
  </datafield>
  <datafield tag="100" ind1=" " ind2=" ">
    <subfield code="a">20260526d        u||y0pory50      ba</subfield>
  </datafield>
  <datafield tag="200" ind1=" " ind2=" ">
    <subfield code="a">Reflex&#xF5;es sobre a liberdade</subfield>
    <subfield code="e">identidades e fam&#xED;lias </subfield>
    <subfield code="f">Andr&#xE9; Coelho Lima... [et al.] </subfield>
  </datafield>
  <datafield tag="205" ind1=" " ind2=" ">
    <subfield code="a">1&#xAA;</subfield>
  </datafield>
  <datafield tag="210" ind1=" " ind2=" ">
    <subfield code="a">Alfragide </subfield>
    <subfield code="c">Oficina do Livro</subfield>
    <subfield code="d">2024</subfield>
  </datafield>
  <datafield tag="215" ind1=" " ind2=" ">
    <subfield code="a">220 p.</subfield>
    <subfield code="c">brochado</subfield>
    <subfield code="d">24 cm</subfield>
  </datafield>
  <datafield tag="317" ind1=" " ind2=" ">
    <subfield code="a">Oferta da Leya (Comboio Liter&#xE1;rio)</subfield>
  </datafield>
  <datafield tag="330" ind1=" " ind2=" ">
    <subfield code="a">A constru&#xE7;&#xE3;o de uma sociedade baseada no respeito e prote&#xE7;&#xE3;o dos direitos e escolhas de todas as pessoas, incluindo as que fazem parte de grupos historicamente discriminados, &#xE9; um imperativo de justi&#xE7;a.

Este livro, cujas coordenadoras raramente est&#xE3;o de acordo politicamente, pretende abrir uma janela para a multiplicidade de pontos de vista, de caminhos de vida e de op&#xE7;&#xF5;es individuais que caracteriza a sociedade moderna e diversa que Portugal quer ser.

O grupo ecl&#xE9;tico de autores e autoras que nele partilham as suas vis&#xF5;es e experi&#xEA;ncias sobre identidades, fam&#xED;lias e o lugar da liberdade em Portugal, nos 50 anos da sua democracia, contribuem para um debate plural que pretende ser um ponto de viragem.
</subfield>
  </datafield>
  <datafield tag="606" ind1=" " ind2=" ">
    <subfield code="9">7036</subfield>
    <subfield code="a">Sociologia da cultura. Contexto cultural da vida social</subfield>
  </datafield>
  <datafield tag="675" ind1=" " ind2=" ">
    <subfield code="a">316.346(469)"20"</subfield>
    <subfield code="v">PT</subfield>
    <subfield code="z">por</subfield>
  </datafield>
  <datafield tag="675" ind1=" " ind2=" ">
    <subfield code="a">316.356(469)"20"</subfield>
    <subfield code="v">PT</subfield>
    <subfield code="z">por</subfield>
  </datafield>
  <datafield tag="675" ind1=" " ind2=" ">
    <subfield code="a">316.64(469)"20"</subfield>
    <subfield code="v">PT</subfield>
    <subfield code="z">por</subfield>
  </datafield>
  <datafield tag="701" ind1=" " ind2=" ">
    <subfield code="9">17399</subfield>
    <subfield code="a">Lima</subfield>
    <subfield code="b">Andr&#xE9; Coelho</subfield>
    <subfield code="f">1974-</subfield>
  </datafield>
  <datafield tag="801" ind1=" " ind2=" ">
    <subfield code="a">PT</subfield>
    <subfield code="b">BMMN</subfield>
    <subfield code="g">RPC</subfield>
  </datafield>
  <datafield tag="830" ind1=" " ind2=" ">
    <subfield code="c">Ana</subfield>
    <subfield code="f">Ana</subfield>
  </datafield>
  <datafield tag="990" ind1=" " ind2=" ">
    <subfield code="c">LIVROS</subfield>
  </datafield>
  <datafield tag="995" ind1=" " ind2=" ">
    <subfield code="0">0</subfield>
    <subfield code="2">0</subfield>
    <subfield code="5">2026-05-27</subfield>
    <subfield code="9">32114</subfield>
    <subfield code="b">BMMN</subfield>
    <subfield code="f">31829</subfield>
    <subfield code="k">316 REF|LG</subfield>
    <subfield code="o">0</subfield>
    <subfield code="r">LIVROS</subfield>
    <subfield code="s">Oferta</subfield>
  </datafield>
</record>
